000 00669nam a2200205Ia 4500
003 GCL
008 140319s9999 xx 000 0 ara d
040 _aGCL /
_cGCL
082 0 4 _a813.008
_bع م
100 1 _aعبدالمنعم الباز
245 1 0 _aمشكلة اكسجين فقط :
_bقصص قصيرة /
_cعبدالمنعم الباز
260 _aالقاهرة :
_bالمجلس الاعلى للثقافة ،
_c1988
300 _a118 ص ؛
_c22 سم
490 _a
650 0 4 _aالادب العربى
650 0 4 _aالقصص العربية
650 0 4 _aالقصص العربية القصيرة
650 0 4 _aالمجموعات
942 _2ddc
_cBK
999 _c56908
_d56908